Body language and the social order: communication as behavioral control. ([By] Albert E. Scheflen ... with Alice Scheflen.). (Record no. 1396)
[ view plain ]
| 000 -LEADER | |
|---|---|
| fixed length control field | nam a22 a 4500 |
| 005 - DATE AND TIME OF LATEST TRANSACTION | |
| control field | 20170509125632.0 |
| 008 - FIXED-LENGTH DATA ELEMENTS--GENERAL INFORMATION | |
| fixed length control field | 170509b1972 xxu||||| |||| 00| 0 eng d |
| 020 ## - INTERNATIONAL STANDARD BOOK NUMBER | |
| International Standard Book Number | 0130798528 |
| 040 ## - CATALOGING SOURCE | |
| Original cataloging agency | AKMAL |
| 082 ## - DEWEY DECIMAL CLASSIFICATION NUMBER | |
| Classification number | 301.14 SCH |
| 090 ## - LOCALLY ASSIGNED LC-TYPE CALL NUMBER (OCLC); LOCAL CALL NUMBER (RLIN) | |
| Classification number (OCLC) (R) ; Classification number, CALL (RLIN) (NR) | 301.14 |
| Local cutter number (OCLC) ; Book number/undivided call number, CALL (RLIN) | SCH |
| 100 1# - MAIN ENTRY--PERSONAL NAME | |
| Personal name | SCHEFLEN, Albert Edward. |
| 9 (RLIN) | 2746 |
| 245 10 - TITLE STATEMENT | |
| Title | Body language and the social order: communication as behavioral control. ([By] Albert E. Scheflen ... with Alice Scheflen.). |
| 260 ## - PUBLICATION, DISTRIBUTION, ETC. | |
| Place of publication, distribution, etc. | Englewood Cliffs, N.J.: Prentice-Hall, [1972]. |
| Date of publication, distribution, etc. | 1972 |
| 300 ## - PHYSICAL DESCRIPTION | |
| Extent | pp. xv, 208; |
| Other physical details | illus. |
| Dimensions | 21 cm |
| 700 1# - ADDED ENTRY--PERSONAL NAME | |
| Personal name | SCHEFLEN, Alice. |
| 9 (RLIN) | 2747 |
| 852 41 - LOCATION | |
| Location | British Library |
| Sublocation or collection | HMNTS |
| 942 ## - ADDED ENTRY ELEMENTS (KOHA) | |
| Source of classification or shelving scheme | |
| Koha item type | Book |
| Withdrawn status | Lost status | Source of classification or shelving scheme | Damaged status | Not for loan | Collection code | Home library | Current library | Shelving location | Date acquired | Inventory number | Total Checkouts | Full call number | Barcode | Date last seen | Price effective from | Koha item type |
|---|---|---|---|---|---|---|---|---|---|---|---|---|---|---|---|---|
| NON-FICTION | AKMAL Melaka | AKMAL Melaka | PINJAMAN | 09.05.2017 | 300636 | 301.14 SCH | 201702651 | 09.05.2017 | 09.05.2017 | Book |
